[Event "Borne Euro Chess op-A"]
[Site "Borne"]
[Date "2012.08.10"]
[Round "7"]
[White "Dijkhuis, Tycho"]
[Black "Stolwijk, Colin"]
[Result "1-0"]
[WhiteElo "2030"]
[BlackElo "1980"]
[PlyCount "93"]
[EventDate "2012.08.06"]
[EventType "swiss"]
[EventRounds "9"]
[EventCountry "NED"]
[SourceTitle "CBM 149 Extra"]
[Source "ChessBase"]
[SourceDate "2012.08.24"]
[SourceVersion "1"]
[SourceVersionDate "2012.08.24"]
[SourceQuality "1"]

1. e4 c6 2. d4 d5 3. e5 Bf5 4. Nf3 e6 5. Be2 Ne7 6. 0-0 Nc8 7. Nbd2 Be7 8. Nb3 Nd7 9. Bd2 0-0 10. c4 dxc4 11. Na5 Qc7 12. Nxc4 Ndb6 13. Ba5 Qd7 14. Ne3 Bg6 15. Qb3 Bd8 16. Rfd1 Ne7 17. Nd2 Ned5 18. Nxd5 Qxd5 19. Bb4 Re8 20. Nc4 Nxc4 21. Bxc4 Qd7 22. a4 Be7 23. a5 Bxb4 24. Qxb4 Red8 25. Rac1 Qc7 26. Qa3 Rd7 27. b4 Rad8 28. Qe3 b6 29. Bb5 bxa5 30. Bxc6 axb4 31. Bxd7 Qxd7 32. Qb3 Qb7 33. d5 exd5 34. Rxd5 Re8 35. Rcd1 h6 36. R1d4 Rb8 37. h3 Qb6 38. Rd6 Qc5 39. Rc4 Qxe5 40. Rxg6 Kh7 41. Rg3 a5 42. Rcg4 Qf6 43. Rf3 Qa1+ 44. Kh2 Qe5+ 45. Rgg3 f5 46. Qf7 Rg8 47. Rxf5 1-0